| 000 | 01069nam a2200325Ia 4500 | ||
|---|---|---|---|
| 003 | OSt | ||
| 005 | 20221007125632.0 | ||
| 006 | a|||||r|||| 00| 0 | ||
| 007 | ta | ||
| 008 | 221006b |||||||| |||| 00| 0 eng d | ||
| 020 |
_a0748763651 (pbk) _cRs.495.00 |
||
| 024 | _a16601 | ||
| 037 |
_b144, 05/12/2005, Dhanraj Book House _cTextual |
||
| 040 |
_aCDL _cCDL _beng |
||
| 041 |
_2eng _aeng |
||
| 082 | _aC2110bD, P3-;2 Carc | ||
| 100 |
_aAnderson J C _9417482 |
||
| 245 | 0 |
_aMaterial science for engineers _b Leaver K D Leevers P Rawlings R D |
|
| 250 | _a5 | ||
| 260 |
_aChelthenham _bNelson Thornes Ltd. _c2003 |
||
| 300 |
_axiv, 664p. _ccm. |
||
| 500 | _aAppendix 1-5, 633-647p.; Index 652-664p. | ||
| 650 |
_a Material science-Engineers _9722237 |
||
| 650 | _aChemistry | ||
| 700 | _a Leaver K D | ||
| 700 | _a Leevers P | ||
| 700 | _a Rawlings R D | ||
| 942 |
_hC2110bD, P3-;2 Carc _cTEXL _2CC |
||
| 999 |
_c1215621 _d1215621 |
||